Quizzes
Events
Quiz Creation
Community
Videos
Private Events
Remove Ads
Sign In
Join for FREE
Feedback
Dark Mode
Quiz Categories
Sports
Geography
Music
Movies
Television
Just For Fun
Miscellaneous
History
Literature
Language
Science
Gaming
Entertainment
Religion
Holiday
For Kids
Quiz Lab
Recent
Popular Today
Quiz Kudos Today
Editor Picks
Curator Picks
Quizzes by...
Day
Popularity
Type
Ratings
Length
Year
Community
Subscriptions
Recent Discussions
Orange Saloon
Badges
Playlists
Quests
Create
Leaderboards
Showdown
Live 5
Trivia Bingo
Activity
Puzzle Library
Sporcle Events
Private Events
Virtual Trivia
Globe League
Become a Host
Pub Owners
SporcleCon
Opinionation
Our Games
Videos
Blog
Mobile Apps
Partnerships
Remove Ads and Go Orange
Feedback
History
US Presidents
World Leaders
Politics
Nation
Discovery
War
Decade
Year
Century
Biography
Art
History
US Presidents
World Leaders
Politics
Nation
Discovery
War
Decade
Year
Century
Biography
Art
Random Quiz
Search Sporcle
×
Quiz Lab
Quiz Lab
History
India
Type in answers that appear in a list
Type in answers that appear in a list
Classic
Best Score? Go Orange.
American Indians Stats
Can you name the Year: American Indians?
By
alexleigh
10m
19 Questions
22 Plays
22 Plays
22 Plays
Comments
Comments
Give Quiz Kudos
Give Quiz Kudos
-
- Ratings
hide this ad
Forced Order
Answers have to be entered in order
Answers have to be entered in order
Replay
Link that replays current quiz
Next Quiz
Link to next quiz in quiz playlist
You Got
0%
They Got
Avg Score
42%
Avg Friend Score
Upgrade to see
Score Distribution
Jump to the score distribution portion of the page
Score
0/19
Timer
10:00
0
Plays Today
Guess the year
Year
% Correct
Dawes (allotment act)
1887
81%
Siege of Alcatraz (red power)
1969
76.2%
Indian Citizenship Act
1924
71.4%
Meriam Report
1928
66.7%
Society of American Indians
1911
61.9%
Lonewolf V. Hitchcock
1903
61.9%
NCAI set up
1944
52.4%
Harrison V. Laveen (2 Indians illegitimately denied voting)
1948
52.4%
Religious Freedom Act
1978
42.9%
Indian Reorganisation act (recognise and preserve culture)
1934
42.9%
Guess the year
Year
% Correct
Battle of Little Bighorn
1876
33.3%
Self-
Determination Act
1975
33.3%
Massacre at Wounded knee
1890
33.3%
Indian Appropriations Act (no longer seen as tribes)
1871
28.6%
Curtis Act (5 civilised tribes)
1898
28.6%
Fort Laramie Treaty
1868
19%
Muskogee Convention
1905
14.3%
NACW set up
1896
9.5%
Plains Wars
1865-1867
4.8%
Quiz Playlist
Details
Report
Send in Message
Add To Playlist
Classic:
Type in answers that appear in a list
Forced Order:
Answers have to be entered in order
Last Updated: Feb 16, 2017
Quiz Scoreboard
CHALLENGE
Sign Up to Join the Scoreboard
Show All
Scores
Hide
Comments
May contain spoilers
Recently Published
Billboard Blitz: Fleetwood Mac
by CooCooCachoo
Music
15s
Presidents Visiting Landmarks
by Hejman
History
7m
An Introduction to Baseball
by treessimontrees
Sports
5m
More to Explore
Quiz From the Vault
Featured Blog Post
Where Did the Easter Bunny Come From?
hide this ad
You Might Also Like...
Tags
America
India
Today's Top Quizzes in History
Browse History
hide this ad
Today's Top Quizzes in India
Browse India
Top Contributed Quizzes in History
1
Popular People in 1991
2
Popular People in 1981
3
Popular People in 1951
4
Popular People in 1941
5
Popular People in 1986
6
Popular People in 1976
7
Popular People in 1921
8
I Am Born On March 28th
9
5-to-1: 20th Century Images of War
10
Popular People in 1946
Explore More
Trending Topics
Crossword
Harry Potter
Disney
NBA
Kpop
Marvel
Anime
Pokémon
WWE
Soccer
Song
Country
NFL
Puzzle
The Office
hide this ad
More By:
alexleigh
Quiz
Plays
Rating
Category
Featured
Created
Guess the year Women's rights
36
4.00
History
Jun 16, 2010
Name The Year: AAs
32
History
Jun 16, 2010
Guess the year: Trade Unions
27
5.00
History
Jun 16, 2010
American Indians
22
History
Jun 16, 2010
Go to Creator's Profile
Score Distribution
Quiz Creator Spotlight
alexleigh
Follow
Send a Message
Quizzes Created
-
Created Quiz Play Count
-
More By This Creator
Popular Quizzes Today
1
Find the US States - No Outlines Minefield
2
Find the Countries of Europe - No Outlines Minefield
3
The Countries of the World
4
Find the US States
5
US States
6
Popular People in 1961
7
Risky Map Clicking: Biggest States A-Z
8
Movies - When Are They Set?
More History Quizzes
Who Rode the Saturn V Twice?
Curator's Pick
Trending Quizzes
Risky Map Clicking: Least Populous States A-Z
1-10 Letter G Words
1-10 Letter F Words
Risky Map Clicking: Next State Alphabetically
Risky Map Clicking: Biggest States A-Z
Recently Updated
Leaping Animals
pecheneg
Reality TV Shows (A-Z)
bhenderson79
Rickey Henderson's Hall of Fame Teammates
pecheneg
Champions League XIs: Arsenal
pecheneg
Quick Pick: Celebrities in WWE's Hall of Fame
aduchscher
A-Z Keypad Blitz II
pecheneg
Multiple Oscar Actors
pecheneg
Mystery Phrase Blitz: Oscar 'Best Actors'
pecheneg
F. Scott Fitzgerald Novels
LTH
Pick 3 Villains
ddd62291
Trending Topics
Marvel
Kpop
Crossword
Disney
NBA
Anime
Harry Potter
NFL
Puzzle
Country
Pokémon
Song
The Office
Soccer
WWE
Your Account Isn't Verified!
In order to create a playlist on Sporcle, you need to verify the email address you used during registration. Go to your
Sporcle Settings
to finish the process.
Report this User
Report this user for behavior that violates our
Community Guidelines
.
Details:
Send Report
Go to the Sporcle.com Mobile Site →
Comments